[Event "Russian Championship B19 2016"]
[Site "Loo"]
[Date "2016.04.20"]
[Round "1.4"]
[White "Ioffe, Ilya"]
[Black "Khanin, Semen"]
[Result "1/2-1/2"]
[WhiteElo "2185"]
[BlackElo "2396"]
[PlyCount "49"]
[EventDate "2016.04.20"]

1. e4 c5 2. c3 d5 3. exd5 Qxd5 4. d4 Nc6 5. Nf3 Bf5 6. Be3 e6 7. Qb3 cxd4 8.
Nxd4 Nxd4 9. Bxd4 Ne7 10. Nd2 O-O-O 11. Qxd5 Nxd5 12. Nf3 f6 13. Bc4 a6 14. Rd1
b5 15. Bb3 a5 16. a3 Nf4 17. O-O a4 18. Ba2 e5 19. Be3 Bd3 20. Rfe1 Ng6 21. Bb6
Rd6 22. Bc5 Rd8 23. Bb6 Rd6 24. Bc5 Rd8 25. Bb6 1/2-1/2

[Event "Russian Championship B19 2016"]
[Site "Loo"]
[Date "2016.04.20"]
[Round "1.5"]
[White "Anikonov, Dmitry"]
[Black "Mingazov, Almaz"]
[Result "1-0"]
[WhiteElo "2387"]
[BlackElo "2181"]
[PlyCount "103"]
[EventDate "2016.04.20"]

1. d4 f5 2. Nc3 Nf6 3. Bg5 d5 4. Bxf6 exf6 5. e3 Be6 6. Bd3 Qd7 7. Qf3 Nc6 8.
a3 O-O-O 9. Nge2 g5 10. O-O-O a6 11. h3 h5 12. g3 h4 13. Kb1 Kb8 14. Qg2 hxg3
15. fxg3 Ne7 16. Rdf1 Bg7 17. Nc1 f4 18. g4 fxe3 19. Qf3 Nc6 20. Nb3 Qd6 21.
Qxe3 Rh4 22. Ne2 Rdh8 23. Qf3 Bc8 24. Qg2 Ne7 25. Ng3 c6 26. Rf3 R8h6 27. c3
Ka7 28. Nd2 Be6 29. Ndf1 c5 30. Ne3 cxd4 31. cxd4 Qb6 32. Bf5 Bf7 33. Nc2 Bf8
34. Qf1 Be8 35. Bd3 Bd7 36. Qg2 Rh8 37. Bf5 Ba4 38. Ne2 Nxf5 39. Rxf5 Bd7 40.
Rff1 Be7 41. Ng3 R4h7 42. Nf5 Bf8 43. Rf3 Bb5 44. Qd2 Bc4 45. Nfe3 Bb3 46. Na1
Bxa3 47. Qc3 Qe6 48. Qxb3 Qe4+ 49. Nec2 Bb4 50. Qe3 Qg6 51. Nb3 Rc8 52. Qd3 1-0

[Event "Russian Championship B19 2016"]
[Site "Loo"]
[Date "2016.04.20"]
[Round "1.6"]
[White "Bychkov, Vladimir"]
[Black "Drygalov, Sergey"]
[Result "0-1"]
[WhiteElo "2176"]
[BlackElo "2372"]
[PlyCount "126"]
[EventDate "2016.04.20"]

1. c4 e5 2. Nc3 Nf6 3. g3 d5 4. cxd5 Nxd5 5. Bg2 Nb6 6. d3 Be7 7. Be3 O-O 8.
Nf3 Nc6 9. O-O Re8 10. Rc1 Bf8 11. Ne4 Nd4 12. Bxd4 exd4 13. Nc5 Bxc5 14. Rxc5
c6 15. Qd2 Qd6 16. b4 Bg4 17. Qg5 Bxf3 18. Bxf3 Nd7 19. Rcc1 Ne5 20. Be4 Qxb4
21. Rb1 Qe7 22. Qf4 b6 23. Rfc1 Rac8 24. Rb3 g6 25. h4 h5 26. Bg2 Qd6 27. Qg5
Kg7 28. Qf4 b5 29. e3 dxe3 30. d4 exf2+ 31. Kf1 Nc4 32. Qxd6 Nxd6 33. Rxc6 Rxc6
34. Bxc6 Re1+ 35. Kxf2 Rd1 36. Bxb5 Rxd4 37. Bd3 Ra4 38. a3 Kf6 39. Bc2 Rc4 40.
Bd3 Rc5 41. a4 Ke5 42. Rb4 Rc3 43. Ke3 Ra3 44. Ke2 a5 45. Rf4 f5 46. Kd2 Ne4+
47. Bxe4 fxe4 48. Rf8 Rxa4 49. Re8+ Kf5 50. Rf8+ Kg4 51. Rf6 Kxg3 52. Rxg6+
Kxh4 53. Ke3 Kh3 54. Rg5 h4 55. Kf4 Kh2 56. Ke3 h3 57. Kf4 Kh1 58. Ke3 h2 59.
Kf4 Ra1 60. Ke3 a4 61. Rg8 a3 62. Ra8 a2 63. Rh8 Rb1 0-1

[Event "Russian Championship B19 2016"]
[Site "Loo"]
[Date "2016.04.20"]
[Round "1.7"]
[White "Tarasov, Alexandr"]
[Black "Konaplev, Anton"]
[Result "1/2-1/2"]
[WhiteElo "2348"]
[BlackElo "2165"]
[PlyCount "93"]
[EventDate "2016.04.20"]

1. c4 e6 2. g3 d5 3. Bg2 Nf6 4. Nf3 dxc4 5. Qa4+ Nbd7 6. Qxc4 a6 7. a4 b5 8.
Qc2 Bb7 9. d3 c5 10. O-O Rc8 11. b3 Be7 12. Nbd2 Nd5 13. Bb2 O-O 14. Rfc1 Nb4
15. Qb1 Nf6 16. Ne1 Qb6 17. Bxb7 Qxb7 18. Nc2 Nc6 19. axb5 axb5 20. Nf3 Rfd8
21. Ne5 Nxe5 22. Bxe5 Nd5 23. e4 Bf6 24. Bxf6 Nxf6 25. Rd1 Rd7 26. Ne3 Rcd8 27.
Qc2 Rc8 28. Rac1 Rd4 29. Kf1 h6 30. Ke2 c4 31. bxc4 bxc4 32. dxc4 Rxe4 33. f3
Re5 34. Qc3 Rh5 35. h4 Rhc5 36. Qd2 R5c6 37. Kf2 Qc7 38. Ra1 Nh5 39. Rg1 Rd8
40. Qa5 Qxa5 41. Rxa5 Nf6 42. Ra2 Kf8 43. Ke2 Ke8 44. Rd1 Rxd1 45. Kxd1 Nd7 46.
Ke2 Ne5 47. Rc2 1/2-1/2

[Event "Russian Championship B19 2016"]
[Site "Loo"]
[Date "2016.04.20"]
[Round "1.8"]
[White "Kontsevik, Georgy"]
[Black "Yeletsky, Ivan"]
[Result "0-1"]
[WhiteElo "2163"]
[BlackElo "2344"]
[PlyCount "90"]
[EventDate "2016.04.20"]

1. e4 e5 2. Nc3 Nf6 3. Bc4 Nxe4 4. Qh5 Nd6 5. Qxe5+ Qe7 6. Qxe7+ Bxe7 7. Bb3
Nf5 8. Nf3 c6 9. Ne2 d5 10. d4 Na6 11. Bf4 f6 12. h4 Nd6 13. Nd2 Nc7 14. Rc1
Be6 15. O-O Kd7 16. a4 Nc4 17. Nxc4 dxc4 18. Ba2 Nd5 19. Bd2 b5 20. Rfe1 Rhe8
21. b3 c3 22. Nxc3 Bb4 23. Ne4 Bxd2 24. Nxd2 Nc3 25. Bb1 Bd5 26. Kf1 a5 27. Re3
Rxe3 28. fxe3 f5 29. Kf2 Kd6 30. Nf1 bxa4 31. bxa4 Rb8 32. Nd2 Rb4 33. Nb3 Rxa4
34. Ke1 Rb4 35. Kd2 Ne4+ 36. Ke2 Bc4+ 37. Ke1 a4 38. Nd2 Nc3 39. Nxc4+ Rxc4 40.
Kf2 a3 41. Kf3 Kd5 42. Rf1 g6 43. h5 a2 44. Bxa2 Nxa2 45. g4 Nb4 0-1

[Event "Russian Championship B19 2016"]
[Site "Loo"]
[Date "2016.04.20"]
[Round "1.9"]
[White "Zakaryan, David"]
[Black "Kruzhilin, Aleksey"]
[Result "1-0"]
[WhiteElo "2342"]
[BlackElo "2161"]
[PlyCount "73"]
[EventDate "2016.04.20"]

1. Nf3 Nf6 2. c4 e6 3. g3 b6 4. Bg2 Bb7 5. O-O c5 6. Nc3 Be7 7. b3 d6 8. Bb2
O-O 9. d4 cxd4 10. Qxd4 Nbd7 11. Rfd1 a6 12. Rac1 Qc7 13. h3 Rac8 14. g4 h6 15.
Qf4 Qb8 16. h4 Bxf3 17. Bxf3 Ne5 18. g5 hxg5 19. hxg5 Nxf3+ 20. Qxf3 Nh7 21.
Ne4 Qa8 22. Qg4 Kh8 23. Rc3 f5 24. gxf6 gxf6 25. Rg3 Rg8 26. Qxe6 Rxg3+ 27.
Nxg3 Qb7 28. Rd5 Rg8 29. Rh5 Rg6 30. Qf7 Rg7 31. Bxf6 Bxf6 32. Qf8+ Rg8 33.
Qxf6+ Rg7 34. Qf8+ Rg8 35. Qxd6 Qf7 36. Qd4+ Rg7 37. Rh6 1-0

[Event "Russian Championship B19 2016"]
[Site "Loo"]
[Date "2016.04.20"]
[Round "1.10"]
[White "Obodenko, Amir"]
[Black "Gogin, Maksim"]
[Result "1-0"]
[WhiteElo "2133"]
[BlackElo "2324"]
[PlyCount "83"]
[EventDate "2016.04.20"]

1. Nf3 Nf6 2. g3 d5 3. d4 e6 4. Bg2 Be7 5. O-O O-O 6. c4 dxc4 7. Qc2 b6 8. Ne5
Nd5 9. Qxc4 Bf6 10. Nc3 Ba6 11. Qb3 c6 12. Re1 Bxe5 13. dxe5 Nd7 14. Qa3 Bb7
15. f4 b5 16. Nxd5 cxd5 17. Be3 a5 18. Rac1 Ra6 19. Bd4 Re8 20. Qd3 Bc6 21. Rc2
Qa8 22. Rec1 Nf8 23. e3 Ng6 24. Bf1 a4 25. Qa3 Ne7 26. g4 Qb7 27. Qb4 Raa8 28.
Bc5 Ng6 29. Bd6 Rac8 30. Kf2 Bd7 31. Rc7 Qa6 32. R1c5 Red8 33. Rxd7 Rxd7 34.
Bxb5 Qb7 35. Rxc8+ Qxc8 36. Bxd7 Qc2+ 37. Ke1 h5 38. Bxa4 Qxh2 39. gxh5 Nh4 40.
Kd1 Nf3 41. Qb8+ Kh7 42. Bc2+ 1-0

[Event "Russian Championship B19 2016"]
[Site "Loo"]
[Date "2016.04.20"]
[Round "1.11"]
[White "Murtazin, Bulat"]
[Black "Khramov, Andrey"]
[Result "1-0"]
[WhiteElo "2319"]
[BlackElo "2125"]
[PlyCount "65"]
[EventDate "2016.04.20"]

1. d4 d5 2. c4 c6 3. Nc3 Nf6 4. e3 e6 5. Nf3 Nbd7 6. Qc2 Bd6 7. Bd3 O-O 8. O-O
dxc4 9. Bxc4 a6 10. Rd1 b5 11. Be2 Qc7 12. e4 e5 13. Bg5 exd4 14. Rxd4 Ng4 15.
h3 Nge5 16. Nxe5 Nxe5 17. Rc1 Be6 18. Nd5 Qa7 19. Nb6 Qxb6 20. Rxd6 Rac8 21. b3
Qb8 22. Qd2 h6 23. Bf4 Ng6 24. Be3 Ne7 25. Bc5 Rfd8 26. f4 Rxd6 27. Qxd6 Qxd6
28. Bxd6 Kf8 29. Rc5 Ke8 30. f5 Kd7 31. Bxe7 Kxe7 32. fxe6 fxe6 33. e5 1-0

[Event "Russian Championship B19 2016"]
[Site "Loo"]
[Date "2016.04.20"]
[Round "1.12"]
[White "Sizintsev, Alexey"]
[Black "Drygalov, Andrey"]
[Result "1/2-1/2"]
[WhiteElo "2125"]
[BlackElo "2317"]
[PlyCount "81"]
[EventDate "2016.04.20"]

1. e4 c5 2. Nf3 e6 3. d4 cxd4 4. Nxd4 a6 5. Nc3 Qc7 6. Bd3 Nf6 7. O-O Nc6 8.
Nxc6 bxc6 9. b3 d5 10. Qe2 Bb7 11. Bb2 Be7 12. e5 Nd7 13. Na4 c5 14. c4 d4 15.
Rae1 Nb6 16. Nxb6 Qxb6 17. Qg4 g6 18. Bc1 h5 19. Qe2 a5 20. Bd2 Kf8 21. Rb1 Kg7
22. a4 Qc7 23. Rfe1 Rab8 24. Red1 Ra8 25. Re1 Rhb8 26. Rf1 Bc6 27. Rfe1 Ra6 28.
Bc1 Qb7 29. f3 Rb6 30. Bc2 Kg8 31. Bb2 Ra6 32. Bd3 Qd7 33. Qd1 Ra7 34. Qc2 Kg7
35. Qd1 Bd8 36. Re2 Rab7 37. Bc1 Kg8 38. Reb2 Qe7 39. Qe2 Qc7 40. Qe1 Qe7 41.
Qe2 1/2-1/2

[Event "Russian Championship B19 2016"]
[Site "Loo"]
[Date "2016.04.20"]
[Round "1.13"]
[White "Zhuk, Valeriy"]
[Black "Beljskij, Ilja"]
[Result "1-0"]
[WhiteElo "2310"]
[BlackElo "2110"]
[PlyCount "79"]
[EventDate "2016.04.20"]

1. Nf3 Nf6 2. c4 c6 3. d4 d5 4. e3 a6 5. Bd3 Nbd7 6. b3 b5 7. Bb2 g6 8. Nbd2
Bg7 9. O-O O-O 10. e4 dxe4 11. Nxe4 Nxe4 12. Bxe4 Qb6 13. Qe2 Bb7 14. Rac1 Rfe8
15. Ne5 Nxe5 16. dxe5 c5 17. Bxb7 Qxb7 18. e6 Bxb2 19. exf7+ Kxf7 20. Qxb2 Rac8
21. Rfe1 Red8 22. Qe5 Rd2 23. cxb5 Qxb5 24. Rc4 Rc6 25. h4 Qb6 26. h5 Qd8 27.
Rf4+ Rf6 28. Rxf6+ exf6 29. Qxc5 Rd1 30. hxg6+ hxg6 31. Rxd1 Qxd1+ 32. Kh2 Qd3
33. g3 g5 34. Qe3 Qd6 35. Qc3 Kg6 36. b4 f5 37. Qc5 Qxc5 38. bxc5 Kf6 39. g4
fxg4 40. Kg3 1-0

[Event "Russian Championship B19 2016"]
[Site "Loo"]
[Date "2016.04.20"]
[Round "1.14"]
[White "Ufimtsev, Egor"]
[Black "Najdin, Danil"]
[Result "1/2-1/2"]
[WhiteElo "2034"]
[BlackElo "2305"]
[PlyCount "81"]
[EventDate "2016.04.20"]

1. Nf3 Nf6 2. c4 g6 3. Nc3 Bg7 4. d4 d5 5. e3 O-O 6. Be2 c6 7. O-O Bf5 8. b3
Nbd7 9. Bb2 Ne4 10. Nh4 Be6 11. Bd3 Nxc3 12. Bxc3 Nc5 13. cxd5 cxd5 14. dxc5
Bxc3 15. Rc1 Bf6 16. Nf3 Bg4 17. h3 Bd7 18. e4 dxe4 19. Bxe4 Qc7 20. Qc2 Bc6
21. Rfd1 Rfd8 22. b4 a5 23. Rxd8+ Rxd8 24. Bxc6 Qxc6 25. bxa5 e5 26. Re1 Rd5
27. Qe4 Qxc5 28. Rb1 Qc6 29. Kh2 Rxa5 30. Qxc6 bxc6 31. Rb6 Rxa2 32. Rxc6 Kg7
33. Kg1 e4 34. Ne1 Be5 35. Nc2 h5 36. g4 h4 37. Rc4 f5 38. gxf5 gxf5 39. Ne3
Kf6 40. Rc6+ Kg5 41. Rc5 1/2-1/2

[Event "Russian Championship B19 2016"]
[Site "Loo"]
[Date "2016.04.20"]
[Round "1.15"]
[White "Ivlev, Aleksey"]
[Black "Petrushev, Nikita"]
[Result "1-0"]
[WhiteElo "2302"]
[BlackElo "2024"]
[PlyCount "73"]
[EventDate "2016.04.20"]

1. d4 Nf6 2. c4 g6 3. Nf3 Bg7 4. g3 O-O 5. Bg2 d5 6. cxd5 Nxd5 7. O-O Nc6 8.
Nc3 Nb6 9. e3 e5 10. d5 Na5 11. e4 c6 12. d6 Be6 13. b3 c5 14. Be3 c4 15. b4
Nc6 16. b5 Nd4 17. Nxd4 exd4 18. Bxd4 Qxd6 19. Bxg7 Qxd1 20. Raxd1 Kxg7 21. f4
Bg4 22. Rc1 a5 23. f5 gxf5 24. exf5 f6 25. h3 Bh5 26. g4 Bf7 27. Bxb7 Rad8 28.
Be4 Rfe8 29. Rcd1 h5 30. Kf2 hxg4 31. hxg4 Rb8 32. Bc6 Re5 33. Rfe1 Rxe1 34.
Kxe1 Rh8 35. Kf2 Rb8 36. Rd6 Nc8 37. Rd8 1-0

[Event "Russian Championship B19 2016"]
[Site "Loo"]
[Date "2016.04.20"]
[Round "1.16"]
[White "Sinyanskiy, Maxim"]
[Black "Mikheev, Aleksey"]
[Result "0-1"]
[WhiteElo "1990"]
[BlackElo "2268"]
[PlyCount "112"]
[EventDate "2016.04.20"]

1. e4 c5 2. Nf3 d6 3. d4 cxd4 4. Nxd4 Nf6 5. Nc3 Nc6 6. Bg5 e6 7. Qd2 a6 8.
O-O-O h6 9. Bf4 Bd7 10. Nxc6 Bxc6 11. Bxd6 Bxd6 12. Qxd6 Qxd6 13. Rxd6 Bxe4 14.
Rd2 Bc6 15. a4 Ke7 16. f3 Rhd8 17. Bc4 Rac8 18. Rxd8 Kxd8 19. Rd1+ Ke7 20. Be2
g5 21. b4 g4 22. Kb2 gxf3 23. gxf3 Rg8 24. Rd4 Rg2 25. b5 axb5 26. axb5 Bd5 27.
Rh4 Rf2 28. Rh3 h5 29. Kc1 Kd6 30. Kd2 Rg2 31. Ke3 Rg8 32. Rh4 Rc8 33. Kd2 Rg8
34. Na4 e5 35. c4 Be6 36. c5+ Ke7 37. Nb6 Rg2 38. Ke3 Rg1 39. Bc4 Rb1 40. Be2
Rc1 41. Bc4 Bxc4 42. Rxc4 Rb1 43. Nc8+ Ke6 44. b6 Nd5+ 45. Kd2 Rb2+ 46. Kc1
Rxh2 47. Nd6 Nxb6 48. Rb4 Nd7 49. Nxb7 Kd5 50. c6 Kxc6 51. Nd8+ Kd5 52. Nxf7
Nc5 53. Kd1 Nd3 54. Rb8 Kd4 55. Nd6 Ke3 56. Nf5+ Kxf3 0-1

[Event "Russian Championship B19 2016"]
[Site "Loo"]
[Date "2016.04.20"]
[Round "1.17"]
[White "Timerkhanov, Alexander"]
[Black "Karpinskiy, Kirill"]
[Result "1-0"]
[WhiteElo "2260"]
[BlackElo "1984"]
[PlyCount "57"]
[EventDate "2016.04.20"]

1. d4 Nf6 2. Bg5 d5 3. Bxf6 gxf6 4. c4 dxc4 5. e3 e6 6. Bxc4 c5 7. Nc3 cxd4 8.
exd4 Nc6 9. Nge2 Bg7 10. d5 Ne5 11. Bb3 O-O 12. O-O Qe7 13. Nf4 Bh6 14. Nh5 Kh8
15. Qd4 Rg8 16. Kh1 Rg5 17. Bd1 Nd7 18. f4 e5 19. Qe3 Rg8 20. Bc2 Nf8 21. d6
Qe6 22. Qf2 exf4 23. Rad1 Qe5 24. Rd5 Ng6 25. Rxe5 fxe5 26. Nf6 Rd8 27. Bxg6
hxg6 28. Qh4 Kg7 29. Nh5+ 1-0

[Event "Russian Championship B19 2016"]
[Site "Loo"]
[Date "2016.04.20"]
[Round "1.18"]
[White "Lavrinenko, Aleksandr"]
[Black "Zhileykin, Andrey"]
[Result "0-1"]
[WhiteElo "1969"]
[BlackElo "2254"]
[PlyCount "72"]
[EventDate "2016.04.20"]

1. e4 c5 2. Nf3 e6 3. d4 cxd4 4. Nxd4 a6 5. Nc3 Qc7 6. Bd3 Nf6 7. O-O Nc6 8.
Nxc6 bxc6 9. Qe2 d5 10. Bg5 Be7 11. e5 h6 12. Bh4 Nd7 13. Bg3 Nc5 14. Qg4 O-O
15. Rfe1 Nxd3 16. cxd3 Rb8 17. Na4 Qa5 18. b3 c5 19. Bf4 Kh7 20. Re2 Qb4 21.
Qg3 Bd7 22. Bd2 Qa3 23. Nc3 Rxb3 24. d4 cxd4 25. Qd3+ Kh8 26. axb3 Qxa1+ 27.
Re1 Qa3 28. Qxd4 Qc5 29. Qg4 Rb8 30. Qh5 Kg8 31. g4 Rxb3 32. Rc1 Qd4 33. Be3
Qd3 34. g5 Rxc3 35. Rxc3 Qxc3 36. gxh6 Qd3 0-1

[Event "Russian Championship B19 2016"]
[Site "Loo"]
[Date "2016.04.20"]
[Round "1.19"]
[White "Aleksandrovskiy, Dmitriy"]
[Black "Sivtsev, Mikhail"]
[Result "1-0"]
[WhiteElo "2252"]
[BlackElo "1946"]
[PlyCount "41"]
[EventDate "2016.04.20"]

1. c4 e6 2. e4 b6 3. d4 Bb7 4. Nc3 Bb4 5. Bd3 f5 6. Qh5+ g6 7. Qe2 Nf6 8. Bg5
fxe4 9. Bc2 Qe7 10. a3 Bxc3+ 11. bxc3 O-O 12. f3 exf3 13. Nxf3 Qd6 14. Bh6 Re8
15. Ne5 Nc6 16. O-O Nxe5 17. Rxf6 Nf7 18. Qg4 Nxh6 19. Rxg6+ Kh8 20. Rxh6 Re7
21. Qg6 1-0

[Event "Russian Championship B19 2016"]
[Site "Loo"]
[Date "2016.04.20"]
[Round "1.20"]
[White "Kappushev, Ahmat"]
[Black "Kuzmin, Egor"]
[Result "0-1"]
[WhiteElo "1903"]
[BlackElo "2242"]
[PlyCount "78"]
[EventDate "2016.04.20"]

1. e4 c5 2. Nf3 d6 3. d4 cxd4 4. Nxd4 Nf6 5. Nc3 Nc6 6. Bg5 e6 7. Qd2 a6 8.
O-O-O Be7 9. f4 Qc7 10. Bxf6 gxf6 11. f5 h5 12. Kb1 Nxd4 13. Qxd4 Bd7 14. Bc4
b5 15. Bb3 Qc5 16. fxe6 fxe6 17. Ne2 a5 18. a3 Rc8 19. c3 Rg8 20. Nf4 Kf7 21.
Rhf1 Qxd4 22. Rxd4 Rc5 23. g3 a4 24. Ba2 Bc8 25. Kc2 h4 26. gxh4 Rg4 27. h5 Bf8
28. h3 Rh4 29. Rf3 Rg5 30. Ng6 Rg2+ 31. Kd3 Bh6 32. c4 Rxh5 33. cxb5 Kxg6 34.
Rxa4 Bd7 35. Rb4 Rc5 36. Bc4 d5 37. exd5 exd5 38. b3 Rd2+ 39. Kc3 d4# 0-1

[Event "Russian Championship B19 2016"]
[Site "Loo"]
[Date "2016.04.20"]
[Round "1.21"]
[White "Shapiro, David"]
[Black "Dinulin, Ilya"]
[Result "1-0"]
[WhiteElo "2230"]
[BlackElo "1812"]
[PlyCount "59"]
[EventDate "2016.04.20"]

1. e4 c6 2. d4 d5 3. e5 c5 4. Ne2 Nc6 5. c3 Bf5 6. dxc5 e6 7. b4 Nxe5 8. Nd4
Ne7 9. Bf4 N5c6 10. Nb5 Ng6 11. Nc7+ Kd7 12. Bg3 Rc8 13. Nxd5 Ke8 14. Ne3 Qxd1+
15. Kxd1 Rd8+ 16. Kc1 Be7 17. Nd2 Kf8 18. a3 Nge5 19. Nxf5 exf5 20. Nc4 Nxc4
21. Bxc4 Bg5+ 22. f4 Bf6 23. Kc2 g6 24. Rad1 Kg7 25. Rhe1 h5 26. Bf2 h4 27. h3
a6 28. Rd6 Be7 29. Rxe7 Nxe7 30. Bd4+ 1-0

[Event "Russian Championship B19 2016"]
[Site "Loo"]
[Date "2016.04.20"]
[Round "1.22"]
[White "Ermachkov, Ilja"]
[Black "Kovalev, Egor"]
[Result "0-1"]
[WhiteElo "1730"]
[BlackElo "2207"]
[PlyCount "168"]
[EventDate "2016.04.20"]

1. d4 d5 2. c4 c6 3. Nc3 Nf6 4. Nf3 a6 5. c5 Bf5 6. Bf4 Nbd7 7. e3 Nh5 8. Bd3
Nxf4 9. exf4 g6 10. Qc2 Bxd3 11. Qxd3 Bg7 12. O-O O-O 13. Rfe1 e6 14. Rab1 b6
15. b4 a5 16. a3 axb4 17. axb4 bxc5 18. bxc5 Ra3 19. Rec1 f6 20. Qe2 Re8 21.
Qb2 Ra7 22. Qb3 Kh8 23. Na4 e5 24. fxe5 fxe5 25. dxe5 Nxe5 26. Nb6 Rf7 27. Nxe5
Bxe5 28. Rc2 Bd4 29. Rf1 Kg8 30. h3 Qe7 31. Qa4 Qf6 32. Qa2 Ref8 33. Nxd5 cxd5
34. Qxd5 Qf5 35. Qc4 Be5 36. c6 Bg3 37. Qb3 Bc7 38. Qa2 Qe5 39. g3 Kg7 40. Rfc1
Rxf2 41. Rxf2 Qxg3+ 42. Kf1 Qxh3+ 43. Kg1 Qg3+ 44. Kf1 Qh3+ 45. Kg1 Qe3 46. Qd2
Bb6 47. Qxe3 Bxe3 48. c7 Rxf2 49. Kh1 Bxc1 50. c8=Q Bg5 51. Qg4 Rf5 52. Qd4+
Bf6 53. Qd7+ Kh6 54. Qd2+ Bg5 55. Qh2+ Kg7 56. Qc7+ Rf7 57. Qe5+ Bf6 58. Qc5
Rb7 59. Qc2 Ra7 60. Kg2 Re7 61. Qd1 Rb7 62. Kh1 Ra7 63. Qb3 h6 64. Kg2 Rd7 65.
Qc2 Rb7 66. Kh1 h5 67. Qe4 Rb2 68. Qc6 Re2 69. Qd7+ Re7 70. Qd2 Ra7 71. Kg2 Rb7
72. Qc2 g5 73. Kh1 Rd7 74. Qc1 Re7 75. Qd1 g4 76. Qd2 Re5 77. Qc1 Kg6 78. Qc2+
Rf5 79. Qc1 h4 80. Qc2 h3 81. Qe4 Kg5 82. Qe3+ Rf4 83. Qe1 Bd4 84. Qa5+ Kh4 0-1

[Event "Russian Championship G17 1st league 2016"]
[Site "Loo"]
[Date "2016.04.20"]
[Round "1.1"]
[White "Kolmychek, Evelina"]
[Black "Averina, Vera"]
[Result "0-1"]
[WhiteElo "2029"]
[BlackElo "1697"]
[PlyCount "102"]
[EventDate "2016.04.20"]

1. e4 Nc6 2. d4 e5 3. dxe5 Nxe5 4. f4 Ng6 5. Bc4 c6 6. Nf3 Bc5 7. Nc3 Nf6 8. e5
Ng4 9. Ne4 Qb6 10. Nxc5 Qb4+ 11. Nd2 Ne3 12. Nd3 Qb6 13. Qe2 Nxc2+ 14. Kd1 Ne3+
15. Ke1 Nc2+ 16. Kf1 Ne3+ 17. Kf2 Nxc4+ 18. Kg3 Qe3+ 19. Qxe3 Nxe3 20. Ne4 Nf5+
21. Kf2 h5 22. b3 b6 23. Ba3 c5 24. g3 Bb7 25. Rae1 Bxe4 26. Rxe4 O-O 27. Rd1
d5 28. exd6 Nxd6 29. Re2 Rad8 30. Rdd2 f5 31. Kf3 Ne4 32. Rxe4 fxe4+ 33. Kxe4
Rd4+ 34. Ke3 Re8+ 35. Kf2 Red8 36. Ke2 R4d5 37. Bb2 h4 38. Bc3 hxg3 39. hxg3
Ne7 40. g4 Ng6 41. Ke3 Kf7 42. a3 R8d6 43. Ke4 Nxf4 44. Rf2 Rxd3 45. Rxf4+ Kg8
46. Ke5 Rf6 47. Rc4 Rff3 48. Ba1 Rxb3 49. Kd5 Rxa3 50. Bb2 Rab3 51. Ba1 Rb4 0-1

[Event "Russian Championship G17 1st league 2016"]
[Site "Loo"]
[Date "2016.04.20"]
[Round "1.2"]
[White "Petrova, Marija"]
[Black "Kuznetsova, Darya"]
[Result "0-1"]
[WhiteElo "1697"]
[BlackElo "1989"]
[PlyCount "94"]
[EventDate "2016.04.20"]

1. e4 c5 2. Nf3 e6 3. d4 cxd4 4. Nxd4 a6 5. Nc3 Qc7 6. a3 Nf6 7. Bg5 Be7 8. g3
Nxe4 9. Nxe4 Bxg5 10. Nxg5 Qe5+ 11. Ne2 Qxg5 12. Bg2 O-O 13. O-O d5 14. Rc1 Rd8
15. Nf4 Nc6 16. Re1 b5 17. c3 Bb7 18. Nd3 Na5 19. a4 d4 20. Bxb7 Nxb7 21. Re5
Qe7 22. axb5 f6 23. Re4 dxc3 24. Rxc3 Nd6 25. Re3 Nxb5 26. Rc1 e5 27. Qb3+ Kh8
28. Nb4 Nd4 29. Qc3 Qb7 30. Qa3 a5 31. Nd3 Nf3+ 32. Kf1 Nxh2+ 33. Kg1 Nf3+ 34.
Kf1 Nd4 35. Kg1 Nb3 36. Rc3 a4 37. Re1 h6 38. Nc5 Nxc5 39. Rxc5 Rd2 40. Rb1 Qe4
41. Rcc1 Rb8 42. b4 axb3 43. Rxb3 Rbd8 44. Rbb1 R8d3 45. Qf8+ Kh7 46. Ra1 Rxg3+
47. fxg3 Qg2# 0-1

[Event "Russian Championship G17 1st league 2016"]
[Site "Loo"]
[Date "2016.04.20"]
[Round "1.3"]
[White "Kopovaya, Aleksandra"]
[Black "Fokina, Elina"]
[Result "0-1"]
[WhiteElo "1919"]
[BlackElo "1693"]
[PlyCount "88"]
[EventDate "2016.04.20"]

1. e4 e5 2. Nc3 Nf6 3. Bc4 Nc6 4. Nf3 Nxe4 5. Bxf7+ Kxf7 6. Nxe4 Be7 7. O-O Rf8
8. Nfg5+ Kg8 9. Qh5 h6 10. Nh3 d5 11. Ng3 Bh4 12. d3 Bxh3 13. gxh3 Bg5 14. Qg4
Nd4 15. c3 Nf3+ 16. Kh1 Qf6 17. Bxg5 Nxg5 18. f4 exf4 19. Nh5 Qc6 20. d4 f3 21.
h4 Qe6 22. Qg3 Qg6 23. hxg5 Qxh5 24. gxh6 Qxh6 25. Rxf3 Qh5 26. Raf1 Rxf3 27.
Rxf3 Rf8 28. Rxf8+ Kxf8 29. Qxc7 Qf3+ 30. Kg1 Kg8 31. Qb8+ Kh7 32. Qg3 Qd1+ 33.
Kg2 Qc2+ 34. Qf2 Qe4+ 35. Kg3 Qg6+ 36. Kh3 Qd3+ 37. Qg3 Qf5+ 38. Kg2 Qc2+ 39.
Kf1 Qb1+ 40. Qe1 Qf5+ 41. Ke2 Qc2+ 42. Ke3 Qxh2 43. Qf1 Qh6+ 44. Kd3 Qa6+ 0-1

[Event "Russian Championship G17 1st league 2016"]
[Site "Loo"]
[Date "2016.04.20"]
[Round "1.4"]
[White "Alekseeva, Nariya"]
[Black "Khan, Anastasia"]
[Result "1-0"]
[WhiteElo "1690"]
[BlackElo "1878"]
[PlyCount "103"]
[EventDate "2016.04.20"]

1. e4 e6 2. d4 d5 3. Nd2 Nf6 4. e5 Nfd7 5. Ngf3 c5 6. c3 Nc6 7. Bd3 Qb6 8. Qa4
cxd4 9. cxd4 Be7 10. O-O O-O 11. a3 a6 12. Qc2 Nxd4 13. Nxd4 Qxd4 14. Bxh7+ Kh8
15. Nf3 Qg4 16. Bd3 Nc5 17. Be2 Qe4 18. Qxe4 Nxe4 19. Be3 Bd7 20. Rac1 Rac8 21.
Nd2 Nc5 22. f4 Na4 23. Bd4 Rc6 24. Rxc6 bxc6 25. b3 c5 26. Ba1 Nb6 27. a4 Ra8
28. Rc1 a5 29. Bf3 Ra7 30. Bb2 Bc8 31. Be2 Ba6 32. Bxa6 Rxa6 33. Kf2 c4 34.
bxc4 dxc4 35. Bd4 Nxa4 36. Rxc4 Nb6 37. Rc6 Bb4 38. Nc4 Nxc4 39. Rxa6 Kh7 40.
Ke2 Nd2 41. Kd3 Nb3 42. Be3 Bc5 43. Ra8 Bb4 44. Kc4 Nd2+ 45. Kb5 Nb1 46. Bb6
Na3+ 47. Kc6 Nc4 48. Bc7 Kg6 49. g4 Bd2 50. Kc5 Nb6 51. Kxb6 Bxf4 52. h3 1-0

[Event "Russian Championship G17 1st league 2016"]
[Site "Loo"]
[Date "2016.04.20"]
[Round "1.5"]
[White "Pivina, Mariya"]
[Black "Gorenkova, Anna"]
[Result "1-0"]
[WhiteElo "1857"]
[BlackElo "1648"]
[PlyCount "96"]
[EventDate "2016.04.20"]

1. e4 c5 2. Nf3 d6 3. d4 cxd4 4. Nxd4 Nf6 5. Nc3 a6 6. h3 h6 7. g4 b5 8. Bg2
Bb7 9. a3 Nbd7 10. f4 Nc5 11. Qe2 g6 12. f5 Bg7 13. fxg6 fxg6 14. Be3 e5 15.
Nb3 Ncxe4 16. Nxe4 Bxe4 17. Bxe4 Nxe4 18. Qd3 Qh4+ 19. Kd1 d5 20. Nc5 Rd8 21.
Kc1 Qe7 22. Nxe4 dxe4 23. Qxe4 Qd6 24. Rf1 Rf8 25. Rxf8+ Kxf8 26. b4 Qd5 27.
Bc5+ Kf7 28. Qxd5+ Rxd5 29. a4 e4 30. Ra3 Bd4 31. axb5 axb5 32. Ra7+ Kf6 33.
Ra6+ Kg5 34. Re6 Re5 35. Be7+ Kf4 36. Bd6 e3 37. Bxe5+ Bxe5 38. Kd1 Bd4 39. Ke2
Kg3 40. Rxg6 Kxh3 41. Rxh6+ Kxg4 42. Rd6 Ba7 43. Rd5 Kf4 44. Rxb5 Ke4 45. c3
Kf4 46. Rb7 Bd4 47. cxd4 Ke4 48. Rd7 Kf4 1-0

[Event "Russian Championship G17 1st league 2016"]
[Site "Loo"]
[Date "2016.04.20"]
[Round "1.6"]
[White "Suvorova, Ksenia"]
[Black "Tukaeva, Adelya"]
[Result "1-0"]
[WhiteElo "1648"]
[BlackElo "1854"]
[PlyCount "71"]
[EventDate "2016.04.20"]

1. d4 d5 2. Nf3 Nf6 3. g3 Bg4 4. Bg2 e6 5. c4 c6 6. O-O Bd6 7. Nbd2 h6 8. Qb3
Qc7 9. Re1 O-O 10. e4 dxe4 11. Nxe4 Nxe4 12. Rxe4 Bf5 13. Re1 c5 14. dxc5 Bxc5
15. Nh4 Nc6 16. Nxf5 exf5 17. Bf4 Qc8 18. Rad1 Nd4 19. Qxb7 Qxb7 20. Bxb7 Rae8
21. Rxe8 Rxe8 22. Be3 Ne6 23. Bxc5 Nxc5 24. Bd5 Re2 25. b4 Ne4 26. Bxe4 fxe4
27. Rd8+ Kh7 28. a4 Rb2 29. Rb8 a5 30. b5 Rb4 31. c5 Rxa4 32. b6 Ra1+ 33. Kg2
a4 34. b7 Rb1 35. c6 a3 36. Ra8 1-0